Caricamento...
Finance commission of India
| Autore principale: | |
|---|---|
| Natura: | Printed Book |
| Lingua: | English |
| Pubblicazione: |
Madras
institute of financial management and research
1978
|
| Soggetti: |
| LEADER | 00528nam a22001577a 4500 | ||
|---|---|---|---|
| 005 | 20151215125359.0 | ||
| 008 | 091203t xxu||||| |||| 00| 0 eng d | ||
| 082 | |a X61:8D.N7t |b L8 | ||
| 100 | |a Venu, S. |9 6560 | ||
| 245 | |a Finance commission of India | ||
| 300 | |a xvi,174p. | ||
| 653 | |a finance | ||
| 942 | |c BK |6 _ | ||
| 260 | |c 1978 |a Madras |b institute of financial management and research | ||
| 999 | |c 102851 |d 102851 | ||
| 952 | |0 0 |1 0 |2 ddc |4 0 |6 336095_4VEN |7 0 |9 129851 |a SMS |b SMS |c GEN |d 2009-12-03 |o 336.095 4 VEN |p SMS012402 |r 2009-12-03 |w 2009-12-03 |y BK | ||